000
00280nam a2200121Ia 4500
008
230822s2011 xx 000 0 und d
020
_a
978-0-470-68895-3
041
_a
eng
100
_a
RAND AYN
245
_a
ATLAS STRUGGED
260
_b
PENGUIN BOOKS LTD
_c
2011
300
_a
272
999
_c
859105
_d
859105